000 00483nam a2200169Ia 4500
003 IN-BaIIA
008 211028s9999 xx 000 0 eng d
020 _a978-0-471-29651-5
040 _cIIA Library
080 _a[9]:01:00
_bSTE
100 _aStewart, Ian
_919001
245 0 _aLife's other secret
_bthe new mathematics of the living world
_cIan Stewart
260 _aNew York
_bJohn Wiley & Sons
_c1998
300 _axiii, 285p.
650 _aBiomathematics
_925447
942 _cBK
999 _c14369
_d14369